Electronic Devices & Circuit Theory (Record no. 2662)

MARC details
000 -LEADER
fixed length control field 00429nam a2200169Ia 4500
008 - FIXED-LENGTH DATA ELEMENTS--GENERAL INFORMATION
fixed length control field 221030s9999 xx 000 0 und d
020 ## - INTERNATIONAL STANDARD BOOK NUMBER
ISBN 81201311760
041 ## - LANGUAGE CODE
Language code of text/sound track or separate title
082 ## - DEWEY DECIMAL CLASSIFICATION NUMBER
Classification number 105.23
Item number Boy
100 ## - MAIN ENTRY--AUTHOR NAME
Personal name R. L. Boylestad
245 #0 - TITLE STATEMENT
Title Electronic Devices & Circuit Theory
Statement of responsibility, etc by R. L. Boylestad, L. Nashelsky
260 ## - PUBLICATION, DISTRIBUTION, ETC. (IMPRINT)
Name of publisher PHI
Place of publication New Delhi
Year of publication 2001
300 ## - PHYSICAL DESCRIPTION
Number of Pages 941
650 ## - SUBJECT ADDED ENTRY--TOPICAL TERM
Topical Term ECE
700 ## - ADDED ENTRY--PERSONAL NAME
Personal name L. Nashelsky
942 ## - ADDED ENTRY ELEMENTS (KOHA)
Koha item type Books
Holdings
Accession Number Cost, normal purchase price Full call number Price effective from Koha item type Withdrawn / writtenoff status Materials specified (bound volume or other part) Damaged status Not for loan Permanent Location Current Location Shelving location Date acquired Lost/ Missing status department
BE 4805 395.00 105.23 Boy 10/30/2022 Books   Print     MIET Library, Jammu MIET Library, Jammu BL-Academic Bock- A, FL-1, CUP-11, SH-5, R-5 03/16/2002   BE
BE 4806 395.00 105.23 Boy 10/30/2022 Books   Print     MIET Library, Jammu MIET Library, Jammu BL-Academic Block C, FL-2, CUP-11, SH-5, R-5 03/16/2002   BE